[Event "II Open A"]
[Site "Pedavena ITA"]
[Date "2006.08.02"]
[Round "3"]
[White "Pasquotto, Mirko"]
[Black "Biancotti, Alessandro"]
[Result "0-1"]
[WhiteElo "1939"]
[BlackElo "1678"]
[PlyCount "74"]
[EventDate "2006.08.01"]

1. e4 c5 2. Nf3 d6 3. d4 cxd4 4. Nxd4 Nf6 5. Nc3 g6 6. Be3 Bg7 7. f3 O-O 8. Qd2
Nc6 9. Bc4 Bd7 10. Bb3 Qa5 11. O-O-O Rfc8 12. Kb1 Ne5 13. g4 b5 14. Nd5 Qxd2
15. Rxd2 Nxd5 16. Bxd5 Rab8 17. Rf2 a5 18. h3 e6 19. f4 exd5 20. fxe5 dxe5 21.
Nb3 d4 22. Bc1 a4 23. Nd2 Rc7 24. Nf1 b4 25. g5 b3 26. cxb3 axb3 27. a3 Rbc8
28. Ng3 Rc2 29. Bd2 h6 30. h4 h5 31. Rc1 Bb5 32. Rxc2 bxc2+ 33. Kc1 Bf8 34. Be1
d3 35. Rf3 Bc5 36. Bc3 Bxa3 37. Nh1 Rxc3 0-1

[Event "II Open A"]
[Site "Pedavena ITA"]
[Date "2006.08.02"]
[Round "3"]
[White "Pedrazzi, Giuseppe"]
[Black "Pomaro, Alberto"]
[Result "0-1"]
[WhiteElo "1835"]
[BlackElo "2046"]
[PlyCount "72"]
[EventDate "2006.08.01"]

1. d4 Nf6 2. Nf3 g6 3. Bf4 Bg7 4. e3 O-O 5. h3 d6 6. Be2 c6 7. c3 Nbd7 8. O-O
Nd5 9. Bh2 e5 10. Nbd2 Qe7 11. Nc4 N5b6 12. Ncd2 e4 13. Ne1 f5 14. Qb3+ d5 15.
c4 Nf6 16. c5 Nbd7 17. Bd6 Qf7 18. Bxf8 Nxf8 19. a4 f4 20. exf4 Ne6 21. Qe3 Ne8
22. Nc2 Qf6 23. Nb3 Nxf4 24. f3 Qg5 25. g4 Nxh3+ 26. Kg2 Nf4+ 27. Kg3 Nf6 28.
Rh1 Nxe2+ 29. Qxe2 exf3 30. Qxf3 Bxg4 31. Qe3 Ne4+ 32. Kg2 Bf3+ 33. Kxf3 Rf8+
34. Ke2 Qg2+ 35. Kd3 Rf3 36. Rab1 Nf2+ 0-1

[Event "II Open A"]
[Site "Pedavena ITA"]
[Date "2006.08.03"]
[Round "3"]
[White "Pegoraro, Nicola"]
[Black "Carlassara, Renato"]
[Result "1-0"]
[WhiteElo "2047"]
[BlackElo "1850"]
[PlyCount "55"]
[EventDate "2006.08.01"]

1. e4 e5 2. Nf3 Nc6 3. d4 exd4 4. Nxd4 Nf6 5. Nxc6 bxc6 6. Bd3 d5 7. e5 Ng4 8.
Bf4 Bc5 9. O-O Be6 10. Nc3 g5 11. Bg3 h5 12. Na4 h4 13. Nxc5 hxg3 14. fxg3 Bc8
15. e6 Qe7 16. Qxg4 Qxc5+ 17. Kh1 Bxe6 18. Bf5 Qe7 19. h3 Kd7 20. c4 Rab8 21.
cxd5 cxd5 22. Qa4+ c6 23. Qxa7+ Kd6 24. Qa3+ Kd7 25. Qc3 Qb4 26. Qe5 Qd6 27.
Bxe6+ Qxe6 28. Qc3 1-0

[Event "II Open A"]
[Site "Pedavena ITA"]
[Date "2006.08.02"]
[Round "3"]
[White "Pompili, Alberto"]
[Black "Ricci, Alfredo"]
[Result "0-1"]
[WhiteElo "1822"]
[BlackElo "2036"]
[PlyCount "42"]
[EventDate "2006.08.01"]

1. d4 Nf6 2. Nf3 g6 3. Nbd2 Bg7 4. e4 O-O 5. Bd3 d6 6. c3 c5 7. O-O Nc6 8. Qe2
e5 9. dxe5 dxe5 10. Nc4 Qc7 11. Ne3 Ne7 12. c4 Nc6 13. a3 Nh5 14. Nd5 Qd6 15.
Bd2 Nf4 16. Bxf4 exf4 17. h3 g5 18. Rae1 g4 19. hxg4 Bxg4 20. e5 Bxe5 21. Bxh7+
Kh8 0-1

[Event "II Open A"]
[Site "Pedavena ITA"]
[Date "2006.08.02"]
[Round "3"]
[White "Rossi, Gianni"]
[Black "Jurkovic, Ante"]
[Result "1-0"]
[WhiteElo "2105"]
[BlackElo "2350"]
[PlyCount "53"]
[EventDate "2006.08.01"]

1. d4 d6 2. e4 Nf6 3. Nc3 Nbd7 4. f3 c6 5. Be3 b5 6. Qd2 Qc7 7. Nh3 Nb6 8. Nf2
e6 9. b3 a5 10. Bd3 Be7 11. O-O Ba6 12. f4 d5 13. e5 Nfd7 14. f5 b4 15. Ne2
Bxd3 16. Nxd3 exf5 17. Rxf5 c5 18. Raf1 O-O 19. Bg5 Nc8 20. Qf4 Bxg5 21. Qxg5
cxd4 22. Ndf4 Ra6 23. Nxd5 Qxc2 24. Nf6+ Kh8 25. Nxd7 Rg6 26. Rxf7 Rg8 27. Rf8
1-0

[Event "II Open A"]
[Site "Pedavena ITA"]
[Date "2006.08.02"]
[Round "3"]
[White "Roversi, Stefano"]
[Black "Stiz, Massimiliano"]
[Result "1/2-1/2"]
[WhiteElo "1857"]
[BlackElo "2101"]
[PlyCount "125"]
[EventDate "2006.08.01"]

1. e4 e6 2. d4 d5 3. Nd2 dxe4 4. Nxe4 Nf6 5. Bg5 Be7 6. Nxf6+ gxf6 7. Bh4 b6 8.
Be2 Bb7 9. Bf3 c6 10. Ne2 Na6 11. c3 Qd7 12. Nf4 f5 13. Bxe7 Qxe7 14. Nd3 f6
15. Qb3 O-O-O 16. O-O-O e5 17. dxe5 fxe5 18. Be2 Kb8 19. Kb1 c5 20. Qa4 Nc7 21.
f3 Nd5 22. Ne1 Ne3 23. Rd3 Rxd3 24. Bxd3 Rd8 25. Bc2 Nxc2 26. Nxc2 Rd2 27. Ne3
Qe6 28. Rd1 Rxd1+ 29. Qxd1 Kc7 30. Qe2 e4 31. f4 Bc8 32. Qh5 Qd7 33. Qd1 Qxd1+
34. Nxd1 b5 35. Ne3 Be6 36. Kc2 a5 37. a3 b4 38. axb4 cxb4 39. cxb4 axb4 40.
Kd2 Kc6 41. Nc2 Kc5 42. Ke3 Kc4 43. Nd4 Bc8 44. g4 fxg4 45. Kxe4 Bd7 46. f5 h5
47. f6 Be8 48. Ke5 h4 49. Nf5 Kb3 50. Nxh4 Kxb2 51. Nf5 Kc3 52. Nd4 Kd3 53. Nb3
Bf7 54. Nc5+ Ke3 55. Kf5 Kf3 56. Nd3 b3 57. Kg5 Kg2 58. Kxg4 Kxh2 59. Kg5 Kg2
60. Kh6 Kf1 61. Kg7 Bd5 62. f7 Bxf7 63. Kxf7 1/2-1/2

[Event "II Open A"]
[Site "Pedavena ITA"]
[Date "2006.08.02"]
[Round "3"]
[White "Santi, Andrea"]
[Black "Occari, Maurizio"]
[Result "1/2-1/2"]
[WhiteElo "1848"]
[BlackElo "2082"]
[PlyCount "47"]
[EventDate "2006.08.01"]

1. Nf3 g6 2. d4 Bg7 3. e4 d6 4. Nc3 Nf6 5. h3 O-O 6. Be3 c6 7. Qd2 b5 8. a3 a6
9. Bd3 Bb7 10. O-O Qc7 11. Rfe1 c5 12. d5 Nbd7 13. Bh6 c4 14. Bf1 Ne5 15. Nd4
Qb6 16. Be3 Qa5 17. f4 Ned7 18. Nf3 Qc7 19. Bd4 Nc5 20. Rad1 Rad8 21. Qf2 Rc8
22. g3 Rfe8 23. Bg2 e6 24. Nh2 1/2-1/2

[Event "II Open A"]
[Site "Pedavena ITA"]
[Date "2006.08.02"]
[Round "3"]
[White "Solinas, Carlo"]
[Black "Colombo, Sandro"]
[Result "1/2-1/2"]
[WhiteElo "2060"]
[BlackElo "1864"]
[PlyCount "75"]
[EventDate "2006.08.01"]

1. e4 c5 2. d4 cxd4 3. c3 d5 4. exd5 Qxd5 5. cxd4 Nc6 6. Nf3 Nf6 7. Bd3 e5 8.
Nc3 Bb4 9. dxe5 Nxe5 10. Nxe5 Qxe5+ 11. Qe2 Qxe2+ 12. Kxe2 O-O 13. Rd1 Be6 14.
Bg5 Bxc3 15. bxc3 Nd5 16. Rac1 Rac8 17. Bd2 Rfe8 18. Kf1 a6 19. c4 Nb6 20. c5
Na4 21. Be3 Nb2 22. Rd2 Nxd3 23. Rxd3 Bxa2 24. Rd7 b5 25. Ke1 b4 26. Kd2 Be6
27. Ra7 Ra8 28. c6 Rxa7 29. Bxa7 Rc8 30. c7 a5 31. Bd4 a4 32. f4 b3 33. Bb2 Kf8
34. Rc5 f5 35. Kc3 g6 36. Kb4 Bd7 37. Be5 Ke7 38. Ka3 1/2-1/2

[Event "II Open A"]
[Site "Pedavena ITA"]
[Date "2006.08.02"]
[Round "3"]
[White "Tamassia, Gabriele"]
[Black "Pojer, Romeo"]
[Result "0-1"]
[WhiteElo "1655"]
[BlackElo "2159"]
[PlyCount "94"]
[EventDate "2006.08.01"]

1. Nf3 g6 2. d4 Bg7 3. Bf4 c5 4. e3 Qb6 5. b3 Nc6 6. c3 d6 7. Na3 Qa5 8. Qc1
Nf6 9. Nc4 Qd8 10. h3 O-O 11. Bd3 e5 12. dxe5 dxe5 13. Ncxe5 Nxe5 14. Nxe5 Ne8
15. Bc4 Nd6 16. O-O Nxc4 17. Nxc4 Qd3 18. Be5 Bh6 19. Rd1 Qf5 20. Bg3 Qh5 21.
Qd2 Be6 22. Qe1 Bg7 23. Nd6 b6 24. Rac1 Rad8 25. c4 Rd7 26. Nb5 Rfd8 27. Rxd7
Rxd7 28. Nd6 Be5 29. Bxe5 Qxe5 30. Nb5 Qb2 31. Rd1 Qxa2 32. Rxd7 Bxd7 33. Qd1
Bxb5 34. cxb5 Qa5 35. Qd3 Kg7 36. f4 h5 37. f5 Qa1+ 38. Qf1 Qxf1+ 39. Kxf1 gxf5
40. Ke2 h4 41. Kf3 Kg6 42. g4 Kg5 43. e4 fxg4+ 44. hxg4 h3 45. Kg3 h2 46. Kxh2
Kxg4 47. e5 Kf4 0-1

[Event "II Open A"]
[Site "Pedavena ITA"]
[Date "2006.08.02"]
[Round "3"]
[White "Tomio, Dante"]
[Black "Reginato, Mauro"]
[Result "1-0"]
[WhiteElo "1969"]
[BlackElo "1823"]
[PlyCount "41"]
[EventDate "2006.08.01"]

1. d4 d5 2. Nf3 Bf5 3. c3 e6 4. Bf4 Bd6 5. Bxd6 Qxd6 6. Nbd2 Nd7 7. e3 h6 8.
Be2 Ngf6 9. O-O O-O 10. c4 c6 11. Re1 Rfe8 12. cxd5 cxd5 13. Qb3 Qb6 14. Rac1
Rec8 15. h3 Rc7 16. Qxb6 Rxc1 17. Qxb7 Rcc8 18. Nb3 Rcb8 19. Qa6 Ne8 20. Rc1
Nc7 21. Qd6 1-0

[Event "II Open A"]
[Site "Pedavena ITA"]
[Date "2006.08.02"]
[Round "3"]
[White "Vandervoort, Chantal"]
[Black "Rezzuti, Vincenzo"]
[Result "0-1"]
[WhiteElo "1800"]
[BlackElo "2045"]
[PlyCount "52"]
[EventDate "2006.08.01"]

1. d4 d5 2. Nf3 Nf6 3. e3 Bg4 4. Be2 Nbd7 5. Nbd2 e6 6. O-O Bd6 7. c4 c6 8. Re1
O-O 9. Qc2 Re8 10. e4 e5 11. exd5 cxd5 12. cxd5 e4 13. Ng5 Rc8 14. Qd1 Bf5 15.
Nc4 Bb8 16. Ne3 Bg6 17. h4 h5 18. Bb5 a6 19. Ba4 b5 20. Bb3 Nb6 21. Bd2 Nbxd5
22. a4 Nf4 23. axb5 axb5 24. Ba5 Qd7 25. Bb6 Nd3 26. Re2 Qd6 0-1

[Event "II Open A"]
[Site "Pedavena ITA"]
[Date "2006.08.02"]
[Round "3"]
[White "Verducci, Gianni"]
[Black "Pasquali, Andrea"]
[Result "1-0"]
[WhiteElo "2065"]
[BlackElo "1642"]
[PlyCount "33"]
[EventDate "2006.08.01"]

1. e4 d5 2. exd5 Nf6 3. Nf3 Nxd5 4. Bc4 g6 5. O-O Bg7 6. Nc3 Nb6 7. Bb3 c5 8.
d3 Bd7 9. Ng5 e6 10. Qf3 O-O 11. Qh3 h6 12. Nge4 e5 13. Qg3 Qc7 14. Bxh6 Bxh6
15. Qxg6+ Kh8 16. Qxh6+ Kg8 17. Nf6# 1-0

[Event "II Open A"]
[Site "Pedavena ITA"]
[Date "2006.08.03"]
[Round "4"]
[White "Bagolin, Renzo"]
[Black "Ottolini, Graziano"]
[Result "1-0"]
[WhiteElo "1754"]
[BlackElo "2084"]
[PlyCount "53"]
[EventDate "2006.08.01"]

1. d4 Nf6 2. c4 c5 3. d5 b5 4. Nd2 bxc4 5. e4 g6 6. Bxc4 d6 7. Ne2 Bg7 8. O-O
O-O 9. Rb1 Nbd7 10. f4 a5 11. a4 Nb6 12. b3 Rb8 13. Qc2 Qc7 14. Bb2 Qa7 15. h3
Ba6 16. Bc3 Bxc4 17. bxc4 e6 18. dxe6 fxe6 19. Rb5 d5 20. Rxa5 Qd7 21. cxd5
exd5 22. Be5 Ra8 23. Rxc5 Nxa4 24. Rc7 Qb5 25. Nd4 Qa5 26. Rb1 dxe4 27. Rbb7
1-0

[Event "II Open A"]
[Site "Pedavena ITA"]
[Date "2006.08.03"]
[Round "4"]
[White "Biancotti, Alessandro"]
[Black "Roversi, Stefano"]
[Result "1-0"]
[WhiteElo "1678"]
[BlackElo "1857"]
[PlyCount "119"]
[EventDate "2006.08.01"]

1. e4 c5 2. Nf3 Nc6 3. d4 cxd4 4. Nxd4 a6 5. Be3 e6 6. Nc3 Nge7 7. Be2 Nxd4 8.
Bxd4 Nc6 9. Be3 b5 10. a3 Bb7 11. O-O Rc8 12. f4 Na5 13. f5 Be7 14. fxe6 dxe6
15. Qxd8+ Bxd8 16. Rad1 O-O 17. Rd7 Ba8 18. Rfd1 Bf6 19. Bd4 e5 20. Bb6 Nc4 21.
Bxc4 Rxc4 22. Re1 Bg5 23. Ba5 Bf6 24. Re2 Rfc8 25. g3 Bg5 26. Re1 Rd4 27. Rd1
Be3+ 28. Kf1 g6 29. Ke2 Rxd1 30. Rxd1 Bd4 31. Rf1 Bxc3 32. Bxc3 Bxe4 33. Rf6 a5
34. Rb6 Bd5 35. Ke3 Rc4 36. Rxb5 Re4+ 37. Kf2 Bc4 38. Rxe5 Rxe5 39. Bxe5 a4 40.
Ke3 Kf8 41. Kd4 Be6 42. Kc3 Bf5 43. b3 axb3 44. cxb3 Ke7 45. b4 Ke6 46. Kd4 f6
47. Bb8 Kd7 48. Kc5 Kc8 49. Bd6 Bd7 50. b5 Kb7 51. a4 Bg4 52. a5 Bf3 53. Be7 f5
54. Bd8 h6 55. a6+ Kc8 56. Ba5 g5 57. b6 f4 58. gxf4 gxf4 59. Bd2 Be2 60. b7+
1-0

[Event "II Open A"]
[Site "Pedavena ITA"]
[Date "2006.08.03"]
[Round "4"]
[White "Buzzatti, Francesco"]
[Black "Campini, Marco"]
[Result "1-0"]
[WhiteElo "1823"]
[BlackElo "2100"]
[PlyCount "85"]
[EventDate "2006.08.01"]

1. e4 c5 2. Nf3 d6 3. d4 cxd4 4. Nxd4 Nf6 5. Nc3 a6 6. a4 Qc7 7. Be3 Nc6 8. Be2
e6 9. O-O Be7 10. f4 O-O 11. Qd2 Bd7 12. Rad1 Rac8 13. Bf3 Na5 14. Be2 Nc4 15.
Bxc4 Qxc4 16. Ra1 Ng4 17. Rfd1 Rfd8 18. Kh1 Nxe3 19. Qxe3 Qb4 20. Ra3 Qa5 21.
Rb1 Rc4 22. Nb3 Qc7 23. Nd2 Rc5 24. b4 Rh5 25. b5 a5 26. Qd3 d5 27. Rab3 Qxf4
28. Nf3 Bd6 29. h3 Bb4 30. exd5 e5 31. Ne2 Qh6 32. Ng3 Bxh3 33. Nxh5 Bg4 34.
Nh2 Qxh5 35. Qg3 Bf5 36. Qxe5 Bd6 37. g4 Qxg4 38. Nxg4 Bxe5 39. Nxe5 Bxc2 40.
Nc4 Bxb1 41. Rxb1 Rxd5 42. Nxa5 Rd7 43. Nxb7 1-0

[Event "II Open A"]
[Site "Pedavena ITA"]
[Date "2006.08.03"]
[Round "4"]
[White "Cammarota, Vittorio"]
[Black "Maietti, Luca"]
[Result "0-1"]
[WhiteElo "2002"]
[BlackElo "1811"]
[PlyCount "104"]
[EventDate "2006.08.01"]

1. Nf3 d5 2. d4 Nf6 3. e3 Bf5 4. c4 c6 5. Qb3 Qb6 6. Nc3 Qxb3 7. axb3 e6 8. Bd2
Nbd7 9. g3 Be7 10. Bg2 h6 11. O-O dxc4 12. bxc4 Bd3 13. Rfc1 Bxc4 14. Na4 Bd5
15. Ba5 O-O 16. Bc7 Rfc8 17. Be5 Nxe5 18. Nxe5 Bxg2 19. Kxg2 Bd6 20. Nd3 Nd7
21. b4 Kf8 22. Nac5 Nxc5 23. bxc5 Bc7 24. Kf3 b6 25. cxb6 Bxb6 26. Ne5 Ke7 27.
Nxc6+ Kd6 28. Ne5 f6 29. Nc4+ Kd7 30. Nxb6+ axb6 31. Rxc8 Rxc8 32. Rb1 Rb8 33.
Ke4 Kd6 34. g4 g6 35. h4 f5+ 36. gxf5 gxf5+ 37. Kf4 b5 38. e4 fxe4 39. Kxe4 b4
40. f4 b3 41. Ke3 Kd5 42. Kd3 Rb4 43. Kc3 Rxd4 44. Rxb3 Rxf4 45. Rb5+ Ke4 46.
Rh5 Rf6 47. Kc4 Kf4 48. Kd4 Kg4 49. Re5 Kxh4 50. Kc5 Rf5 51. Kd6 Rxe5 52. Kxe5
Kg4 0-1

[Event "II Open A"]
[Site "Pedavena ITA"]
[Date "2006.08.03"]
[Round "4"]
[White "Capraro, Fabio"]
[Black "Pegoraro, Nicola"]
[Result "0-1"]
[WhiteElo "1873"]
[BlackElo "2047"]
[PlyCount "122"]
[EventDate "2006.08.01"]

1. g3 f5 2. d4 Nf6 3. Bg2 g6 4. c4 Bg7 5. Nh3 Nc6 6. Nf4 d6 7. Nc3 O-O 8. Be3
Kh8 9. h4 Ng4 10. Bd5 Rf6 11. h5 e6 12. Nxe6 Nxe3 13. fxe3 Bxe6 14. Bxe6 Rxe6
15. d5 Rxe3 16. dxc6 bxc6 17. hxg6 h6 18. Qd2 Qg5 19. Nd1 Rxg3 20. Qxg5 Rxg5
21. Rf1 Rb8 22. Rc1 Bd4 23. e3 Be5 24. Rc2 Kg7 25. e4 f4 26. c5 Rc8 27. Nf2 Rg3
28. Ke2 Kxg6 29. Kd1 h5 30. Ke1 Rg2 31. Kd1 Rg3 32. Ke1 h4 33. Rh1 Kg5 34. Nh3+
Kg4 35. Nf2+ Kh5 36. b3 Bd4 37. b4 Rf3 38. Rh2 Bxf2+ 39. Rcxf2 Rxf2 40. Kxf2
Kg4 41. Rg2+ Kh5 42. Rg7 Kh6 43. Rd7 dxc5 44. bxc5 Kg6 45. Kf3 h3 46. Kxf4 h2
47. Rd1 Rh8 48. Rh1 Kf6 49. Kg3 Ke5 50. Kf3 Rh7 51. Kg2 Rh6 52. Kf3 Rh7 53. Kg2
Rh8 54. Kf3 Kd4 55. Kg2 Rh6 56. Rd1+ Kxc5 57. Kh1 a5 58. Rd7 Kb4 59. Rxc7 c5
60. Rb7+ Ka4 61. Rb3 61... c4 {...} 0-1

[Event "II Open A"]
[Site "Pedavena ITA"]
[Date "2006.08.03"]
[Round "4"]
[White "Capuano, Eugenio"]
[Black "Cortina, Federico"]
[Result "1-0"]
[WhiteElo "2255"]
[BlackElo "1907"]
[PlyCount "59"]
[EventDate "2006.08.01"]

1. d4 Nf6 2. c4 g6 3. Nc3 Bg7 4. e4 d6 5. Nf3 O-O 6. Be2 e5 7. O-O Nbd7 8. Be3
c6 9. d5 c5 10. Ne1 Ne8 11. g4 f5 12. gxf5 gxf5 13. exf5 Ndf6 14. Bd3 Qe7 15.
Qf3 e4 16. Nxe4 Nxe4 17. Bxe4 Bxb2 18. Rb1 Bg7 19. Kh1 Nf6 20. Bc2 Nd7 21. Rg1
Kh8 22. Qh5 Qf7 23. Qxf7 Rxf7 24. Nf3 h6 25. Rg6 Nb6 26. Bxh6 Bxh6 27. Rxh6+
Kg7 28. Rg6+ Kf8 29. f6 Nd7 30. Ng5 1-0

[Event "II Open A"]
[Site "Pedavena ITA"]
[Date "2006.08.03"]
[Round "4"]
[White "Colombo, Sandro"]
[Black "Tamassia, Gabriele"]
[Result "1-0"]
[WhiteElo "1864"]
[BlackElo "1655"]
[PlyCount "53"]
[EventDate "2006.08.01"]

1. c4 Nf6 2. Nc3 g6 3. e4 d6 4. d4 Nfd7 5. Be2 Bg7 6. Nf3 O-O 7. O-O e5 8. Be3
Nc6 9. Qd2 exd4 10. Nxd4 Nxd4 11. Bxd4 f6 12. Rad1 Qe7 13. Nd5 Qd8 14. b4 Nb6
15. Be3 Nxd5 16. Qxd5+ Kh8 17. c5 a5 18. b5 Re8 19. cxd6 Re5 20. dxc7 Qxd5 21.
Rxd5 Rxd5 22. exd5 Kg8 23. d6 f5 24. Rd1 Bd7 25. Bf3 Be5 26. Bxb7 Re8 27. Bc6
1-0

[Event "II Open A"]
[Site "Pedavena ITA"]
[Date "2006.08.03"]
[Round "4"]
[White "De Zaiacomo, Tonino"]
[Black "Binder, Andrea"]
[Result "0-1"]
[WhiteElo "1898"]
[BlackElo "1691"]
[PlyCount "70"]
[EventDate "2006.08.01"]

1. d4 d6 2. c4 g6 3. Nc3 Bg7 4. e4 Nf6 5. Nf3 O-O 6. Be2 c6 7. O-O e5 8. d5 c5
9. h3 Nh5 10. Be3 Nf4 11. Qd2 Nxe2+ 12. Nxe2 f5 13. exf5 gxf5 14. Bh6 Qe8 15.
Bxg7 Kxg7 16. Rad1 Nd7 17. Ng5 Nf6 18. f3 Kh8 19. Ne6 Bxe6 20. dxe6 Rd8 21. Qa5
Qxe6 22. Qxa7 Qxc4 23. Nc3 d5 24. Rc1 Qd4+ 25. Kh2 Qf4+ 26. Kg1 d4 27. Qxb7
dxc3 28. Rxc3 Qg5 29. Rfc1 Rd2 30. f4 Qxf4 31. Rf1 Qg5 32. Kh2 Ne4 33. Qxe4
fxe4 34. Rxf8+ Kg7 35. Rg3 Qxg3+ 0-1

[Event "II Open A"]
[Site "Pedavena ITA"]
[Date "2006.08.03"]
[Round "4"]
[White "Efimov, Igor"]
[Black "Tomio, Dante"]
[Result "1-0"]
[WhiteElo "2439"]
[BlackElo "1969"]
[PlyCount "93"]
[EventDate "2006.08.01"]

1. d4 Nf6 2. Nf3 g6 3. c4 Bg7 4. Nc3 O-O 5. e4 d6 6. Be2 e5 7. O-O Nc6 8. d5
Ne7 9. Ne1 Ne8 10. Nd3 f5 11. f4 exf4 12. Bxf4 fxe4 13. Nxe4 Nf6 14. Nxf6+ Bxf6
15. Qd2 Nf5 16. h3 Nd4 17. Bh6 Bg7 18. Bxg7 Nxe2+ 19. Qxe2 Kxg7 20. Rxf8 Qxf8
21. Rf1 Qd8 22. Nf4 Bf5 23. Ne6+ Bxe6 24. dxe6 Qg5 25. Qf2 Qc5 26. Qxc5 dxc5
27. Rf7+ Kg8 28. Rxc7 b6 29. Kf2 Re8 30. e7 Kf7 31. Rxa7 h6 32. Rb7 Ra8 33. a3
Ra4 34. Rxb6 Rxc4 35. Re6 Ke8 36. Rxg6 Rc2+ 37. Kg3 Rxb2 38. Rxh6 Rb3+ 39. Kg4
Rxa3 40. Rc6 Ra2 41. g3 Ra4+ 42. Kh5 Ra5 43. Kh4 Ra3 44. Rc7 c4 45. g4 Rd3 46.
Rxc4 Kxe7 47. Rf4 1-0

[Event "II Open A"]
[Site "Pedavena ITA"]
[Date "2006.08.03"]
[Round "4"]
[White "Fabrello, Alessandro"]
[Black "Vandervoort, Chantal"]
[Result "1/2-1/2"]
[WhiteElo "1557"]
[BlackElo "1800"]
[PlyCount "40"]
[EventDate "2006.08.01"]

1. d4 Nf6 2. Nf3 d5 3. Bf4 e6 4. e3 Bd6 5. Ne5 O-O 6. Bd3 c5 7. c3 Nc6 8. O-O
Qc7 9. Ng4 Nxg4 10. Bxd6 Qxd6 11. Qxg4 f5 12. Qh4 Rf6 13. Nd2 Rh6 14. Qg3 Qxg3
15. hxg3 c4 16. Bc2 b5 17. f3 Rf6 18. e4 fxe4 19. fxe4 Rxf1+ 20. Rxf1 Bd7
1/2-1/2

[Event "II Open A"]
[Site "Pedavena ITA"]
[Date "2006.08.03"]
[Round "4"]
[White "Fantini, Adriano"]
[Black "Gamberini, Davide"]
[Result "1-0"]
[WhiteElo "1760"]
[BlackElo "1853"]
[PlyCount "97"]
[EventDate "2006.08.01"]

1. b4 e5 2. Bb2 d6 3. e3 Nf6 4. c4 g6 5. Qb3 Bg7 6. d3 O-O 7. Nd2 Be6 8. Ngf3
Nbd7 9. Be2 a5 10. a3 axb4 11. axb4 Rxa1+ 12. Bxa1 Nb6 13. O-O Qd7 14. b5 Ra8
15. Bc3 Qe8 16. Ra1 Rxa1+ 17. Bxa1 Qa8 18. Bb2 Nfd7 19. d4 h6 20. h3 f5 21. Ne1
Na4 22. Qa3 Ndb6 23. Ba1 Qa5 24. Nef3 Qa8 25. dxe5 dxe5 26. Bxe5 Bxe5 27. Nxe5
Qe8 28. c5 Nd7 29. Nxd7 Qxd7 30. Qxa4 Qxd2 31. Qd1 Qxd1+ 32. Bxd1 b6 33. cxb6
cxb6 34. Be2 Kf7 35. Kf1 Ke7 36. Ke1 Kd6 37. Kd2 Kc5 38. Kc3 Bd7 39. f3 Bxb5
40. Bxb5 Kxb5 41. e4 Kc5 42. exf5 gxf5 43. g4 Kd5 44. Kd3 Ke5 45. Ke3 b5 46. h4
b4 47. f4+ Kf6 48. g5+ hxg5 49. hxg5+ 1-0

[Event "II Open A"]
[Site "Pedavena ITA"]
[Date "2006.08.03"]
[Round "4"]
[White "Foroni, Francesco"]
[Black "Solinas, Carlo"]
[Result "0-1"]
[WhiteElo "1836"]
[BlackElo "2060"]
[PlyCount "142"]
[EventDate "2006.08.01"]

1. Nf3 Nf6 2. d4 g6 3. e3 Bg7 4. Be2 O-O 5. O-O d5 6. Nbd2 b6 7. c3 Ba6 8. b4
Qc8 9. b5 Bb7 10. a4 a6 11. Ba3 Re8 12. Qb3 axb5 13. Bxb5 Nbd7 14. Bb4 Ne4 15.
Rfd1 e6 16. Ra2 f5 17. Rda1 c6 18. Bf1 c5 19. Ba3 c4 20. Qc2 Qd8 21. Bb4 Ba6
22. a5 b5 23. g3 g5 24. Bg2 Bf6 25. Rf1 h5 26. Ne1 Be7 27. Bxe7 Qxe7 28. f3
Nxd2 29. Qxd2 b4 30. Qb2 bxc3 31. Qxc3 Reb8 32. Rb2 Rxb2 33. Qxb2 Rb8 34. Qa1
Qb4 35. Rf2 Rb5 36. Ra2 Qb1 37. Bf1 Rb3 38. Qxb1 Rxb1 39. Kf2 Nb8 40. f4 gxf4
41. gxf4 Nc6 42. Be2 Nb4 43. Rd2 c3 44. Rd1 Rb2 45. Rc1 Rxe2+ 46. Kf3 c2 47.
Nxc2 Rxc2 48. Rg1+ Kh7 49. h4 Be2+ 50. Kg3 Ra2 51. Rb1 Na6 52. Rb7+ Kg6 53. Rb6
Kf6 54. Kf2 Bc4+ 55. Kf3 Rxa5 56. Rb7 Ra2 57. Kg3 Bd3 58. Rh7 Be2 59. Rh6+ Ke7
60. Rh7+ Kd6 61. Rh8 Nb4 62. Rd8+ Ke7 63. Rb8 Nd3 64. Rb7+ Kf6 65. Rb8 Bg4 66.
Rf8+ Ke7 67. Rg8 Ne1 68. Rg7+ Kf6 69. Rxg4 fxg4 70. f5 Kxf5 71. e4+ dxe4 0-1

[Event "II Open A"]
[Site "Pedavena ITA"]
[Date "2006.08.03"]
[Round "4"]
[White "Guastadini, Paolo"]
[Black "Marson, Antonio"]
[Result "0-1"]
[WhiteElo "2051"]
[BlackElo "1837"]
[PlyCount "122"]
[EventDate "2006.08.01"]

1. d4 d5 2. Nf3 c6 3. c4 Nf6 4. Nc3 e6 5. e3 a6 6. b3 dxc4 7. bxc4 Bb4 8. Bd2
b5 9. Qb3 Be7 10. Qc2 bxc4 11. Bxc4 Nbd7 12. O-O Nb6 13. Ne4 Nxe4 14. Qxe4 Nd5
15. Ne5 Bb7 16. Rab1 Rb8 17. Rb3 Qc7 18. Rfb1 O-O 19. Qg4 Nf6 20. Qe2 Ne4 21.
Be1 a5 22. f3 Nd6 23. Bd3 Nb5 24. Nxc6 Bxc6 25. Bxb5 Bxb5 26. Rxb5 Rxb5 27.
Qxb5 Qc2 28. Qb2 Qd3 29. Qb3 Qf5 30. Qb5 Qc2 31. a4 h6 32. Bxa5 Bd6 33. Qb3 Qf5
34. Qb5 Qc2 35. Bb6 Rb8 36. a5 Qc3 37. Qb3 Qc6 38. e4 Kh7 39. Qd3 Kg8 40. g3
Be7 41. Kg2 Qa4 42. Qb3 Qc6 43. d5 exd5 44. Qxd5 Qc2+ 45. Kh3 Qxb1 46. Qe5 Rb7
47. Bd4 Bf6 48. Qe8+ Kh7 49. e5 Qf5+ 50. Kg2 Re7 51. Qc6 Bxe5 52. Bb6 Bb8 53.
Qc4 Qe6 54. Qd3+ g6 55. Qa3 Rd7 56. Qf8 Ba7 57. Bxa7 Rxa7 58. Qb4 Rc7 59. g4
Rc2+ 60. Kh3 Qe5 61. f4 Qe3+ 0-1

[Event "II Open A"]
[Site "Pedavena ITA"]
[Date "2006.08.03"]
[Round "4"]
[White "Jurkovic, Ante"]
[Black "Forato, Enrico"]
[Result "1-0"]
[WhiteElo "2350"]
[BlackElo "1949"]
[PlyCount "49"]
[EventDate "2006.08.01"]

1. e4 c5 2. Nf3 e6 3. d4 cxd4 4. Nxd4 Nf6 5. Nc3 d6 6. g4 h6 7. Be3 a6 8. f3
Nc6 9. Qd2 Ne5 10. O-O-O b5 11. h4 b4 12. Nce2 d5 13. exd5 Nxd5 14. Nf4 Bb7 15.
Kb1 Nxf4 16. Bxf4 Nxf3 17. Qf2 Nxd4 18. Rxd4 Qb6 19. Be3 Bc5 20. Rd7 Kxd7 21.
Bxc5 Qc6 22. Qxf7+ Kc8 23. Bg2 Qxg2 24. Qxe6+ Kc7 25. Bb6+ 1-0

[Event "II Open A"]
[Site "Pedavena ITA"]
[Date "2006.08.03"]
[Round "4"]
[White "Kasparov, Sergey"]
[Black "Barlocco, Carlo"]
[Result "1-0"]
[WhiteElo "2491"]
[BlackElo "2183"]
[PlyCount "59"]
[EventDate "2006.08.01"]

1. e4 Nc6 2. d4 d6 3. Nf3 g6 4. d5 Nb8 5. c4 Bg7 6. Bd3 Nf6 7. h3 O-O 8. Nc3 c6
9. O-O a6 10. a4 a5 11. Be3 Na6 12. Qd2 Nc5 13. Bxc5 dxc5 14. e5 Nd7 15. Rfe1
Qc7 16. Qe2 Nb8 17. Rad1 Na6 18. Bb1 Re8 19. Ng5 h6 20. Nf3 cxd5 21. cxd5 Nb4
22. Qc4 Bf5 23. Bxf5 gxf5 24. e6 fxe6 25. Rxe6 Kh7 26. Rde1 Rad8 27. d6 Qc8 28.
Rxe7 Rxe7 29. dxe7 Re8 30. Qf7 1-0

[Event "II Open A"]
[Site "Pedavena ITA"]
[Date "2006.08.03"]
[Round "4"]
[White "Militello, Michele"]
[Black "Gaido, Paolo"]
[Result "1/2-1/2"]
[WhiteElo "1847"]
[BlackElo "2121"]
[PlyCount "66"]
[EventDate "2006.08.01"]

1. d4 Nf6 2. Nf3 g6 3. Nbd2 Bg7 4. e4 d6 5. Be2 O-O 6. O-O Nbd7 7. c3 c6 8. Qc2
Qc7 9. Re1 e5 10. dxe5 dxe5 11. a4 Re8 12. a5 Nf8 13. Nc4 Nh5 14. g3 h6 15. Ne3
Bh3 16. Bf1 Bxf1 17. Kxf1 Ne6 18. b4 Ng5 19. Nxg5 hxg5 20. Kg2 Rad8 21. Bb2 Rd7
22. Rad1 Red8 23. Rxd7 Rxd7 24. Rd1 Qd8 25. Rxd7 Qxd7 26. Qd1 Qxd1 27. Nxd1 f6
28. c4 a6 29. Bc3 Kf7 30. Nb2 Ke6 31. Nd3 Bf8 32. Bd2 Ng7 33. Be3 Kd7 1/2-1/2

[Event "II Open A"]
[Site "Pedavena ITA"]
[Date "2006.08.03"]
[Round "4"]
[White "Navarro, Stefano"]
[Black "Luciani, Valerio"]
[Result "1/2-1/2"]
[WhiteElo "2224"]
[BlackElo "2232"]
[PlyCount "48"]
[EventDate "2006.08.01"]

1. e4 c5 2. Nf3 d6 3. d4 cxd4 4. Nxd4 Nf6 5. Nc3 a6 6. f4 e5 7. Nf3 Qc7 8. a4
Be6 9. Bd3 Nbd7 10. f5 Bc4 11. O-O Be7 12. Kh1 O-O 13. Bg5 Rfe8 14. Qe2 Rac8
15. Nd2 d5 16. Bxf6 Nxf6 17. exd5 Bxd5 18. Nxd5 Nxd5 19. f6 Nxf6 20. Rf3 e4 21.
Nxe4 Ng4 22. g3 Ne5 23. Rf2 Nxd3 24. Qxd3 Rcd8 1/2-1/2